Responses for Show #6717 - Tuesday, November 26, 2013

Rani Peffer game 6.

Contestants

[<< previous game]

Janel Stogdill, a homeschool mom from Valrico, Florida

Mike Nickel, a social worker from St. Louis, Missouri

Rani Peffer, a corporate finance manager from Crittenden, Kentucky (whose 5-day cash winnings total $68,701)

[next game >>]

Jeopardy! Round responses

LITERATURA EN ESPAÑOL
(Alex: You have to give us the English words.)
DOOHICKEYS
TOMB SERVICE
FOOD WORDS CREATED IN THE AMERICAS
OUT OF WHAT?
(Laura Osnes: It's the magic of...)
CINDERELLA ON BROADWAY
    $200 13
Great Expectations

Rani
    $200 10
sight

Janel
    $200 21
Lenin

Rani
    $200 7
guacamole

Janel
    $200 1
out of order

Rani
    $200 5
midnight

Mike
    $400 14
The Scarlet Letter

Janel
    $400 12
the terminal (or the cathode)

Triple Stumper
    $400 22
the Taj Mahal

Rani
    $400 8
pecan

Janel
    $400 2
out of touch

Mike
    $400 11
the fairy godmother

Rani
    $600 15
Treasure Island

Rani
    $600 18
threads

Mike
    $600 23
Hadrian

Mike
    $600 9
jerky

Rani
    $600 3
shape

Rani
    $600 27
mice

Rani
    $800 16
The Time Machine

Rani
    $800 26
the bit

Rani
    $1,500 24
(Mike: Who is H.G. Wells?)
(Alex: No, it's in France--)
(Mike: [*].)
(Alex: [*], yes, you jumped in a little too quickly on that one.)

Jules Verne

Mike
    $800 19
chili

Triple Stumper
    $800 4
out of pocket

Janel
    $800 28
Catherine de Medici

Rani
    $1000 17
Little Women

Janel
    $1000 30
(Mike: What is clear?)
(Rani: What is clear error?)

clear entry

RaniMike
Triple Stumper
    $1000 25
Grant's Tomb

Mike
    $1000 20
squash

Rani
    $1000 6
out of line

Mike
    $1000 29
(Alex: And our thanks to the cast and crew of Cinderella on Broadway for helping us out with all these clues.)

Charles Perrault

Triple Stumper

Scores at the first commercial break (after clue 15):

Rani Mike Janel
$2,600 $1,600 $2,000

Scores at the end of the Jeopardy! Round:

Rani Mike Janel
$6,200 $1,300 $3,000

Double Jeopardy! Round responses

THE FRENCH & INDIAN WAR
SCIENCE NEWS
'80s ONE-HIT WONDERS
4-SYLLABLE WORDS
DRIVING IN EUROPE
THE "VILLE" OF THE PEOPLE
    $400 6
(Rani: What is the Six Years War?)

the Seven Years War

RaniMike
    $400 18
genes

Mike
    $400 1
Bruce Willis

Mike
    $400 12
semifinals

Mike
    $400 11
the Volkswagen

Rani
    $800 7
(Mike: What is Montreal?)

Quebec

Mike
Triple Stumper
    $800 19
[Mike gave both listed responses.]

throwing (passing)

Mike
    $800 2
"Funkytown"

Mike
    $800 14
hydroplaning

Mike
    $800 13
Audi

Rani
    $2,000 8
the St. Lawrence

Mike
    $1200 20
a laser beam

Mike
    $1200 3
Mickey

Rani
    $1200 23
(Alex: Less than a minute to go now, Rani.)

monokini

Triple Stumper
    $1200 15
(Janel: What is Saab?)

Volvo

MikeJanel
    $1200 27
Huntsville

Rani
    $1600 9
the Acadians

Mike
    $1600 21
(Janel: What is the iris?)

the cornea

RaniJanel
    $1600 4
Chariots of Fire

Mike
    $1600 28
[The end-of-round signal sounds.]

flagellation

Mike
    $2,500 16
the Mini (Cooper)

Mike
    $1600 25
Knoxville

Rani
    $2000 10
the Iroquois

Mike
    $2000 22
(Janel: What are plasma particles?)

positrons

RaniJanel
    $2000 5
Jack Wagner

Mike
    $2000 24
(Janel: What is--multifaceted? No.)

convoluted

Janel
Triple Stumper
    $2000 17
the autostrada

Triple Stumper
    $2000 26
Fayetteville

Janel

Scores at the end of the Double Jeopardy! Round:

Rani Mike Janel
$14,600 $20,200 -$1,800

[wagering suggestions for these scores]

Final Jeopardy! Round responses

AUTHORS
(Alex: [To Mike] Yes, creator of Bond.)
RaniWho is Kerouac?
$14,599
MikeWho is Ian Fleming
$9,010
Ian Fleming

Final scores:

Rani Mike Janel
$1 $29,210 -$1,800
2nd place: $2,000 New champion: $29,210 3rd place: $1,000

Game dynamics:

Coryat scores:

Rani Mike Janel
$14,600 $20,000 -$1,800
20 R,
2 W
22 R
(including 2 DDs),
3 W
(including 1 DD)
7 R,
4 W

Combined Coryat: $32,800

[game clues] [game scores] [suggest correction]

Game tape date: 2013-09-24
The J! Archive is created by fans, for fans. Scraping, republication, monetization, and malicious use prohibited; this site may use cookies and collect identifying information. See terms. The Jeopardy! game show and all elements thereof, including but not limited to copyright and trademark thereto, are the property of Jeopardy Productions, Inc. and are protected under law. This website is not affiliated with, sponsored by, or operated by Jeopardy Productions, Inc. Join the discussion at JBoard.tv.